Statistics for Guess the Taylor Swift song (no hints) #2

Click here to take the quiz!

General Stats

  • This quiz has been taken 18 times
  • The average score is 335 of 379

Answer Stats

Answer% Correct
a
100%
an
100%
and
100%
And
100%
back
100%
Back
100%
could
100%
go
100%
how
100%
I
100%
in
100%
it
100%
me
100%
my
100%
never
100%
on
100%
the
100%
then
100%
to
100%
we
100%
We
100%
were
100%
when
100%
you
100%
You
100%
your
100%
ever
94%
get
94%
hope
94%
I'd
94%
I'm
94%
is
94%
just
94%
lose
94%
of
94%
so
94%
than
94%
That
94%
that
94%
this
94%
again
88%
bar
88%
But
88%
by
88%
car
88%
city
88%
Cornelia
88%
don't
88%
if
88%
place
88%
say
88%
street
88%
Street
88%
terrified
88%
That's
88%
Walk
88%
walk
88%
as
82%
As
82%
away
82%
baby
82%
backseat
82%
casually
82%
drinks
82%
Drunk
82%
ends
82%
heartbreak
82%
kind
82%
leading
82%
Leading
82%
mend
82%
name
82%
new
82%
rent
82%
'round
82%
screams
82%
something
82%
stronger
82%
time
82%
was
82%
Windows
82%
yours
82%
around
76%
even
76%
home
76%
page
76%
right
76%
us
76%
ago
71%
air
71%
arrowhead
71%
Before
71%
before
71%
desk
71%
fresh
71%
hand
71%
inside
71%
mystified
71%
Oh
71%
open
71%
shoulders
71%
wanna
71%
Years
71%
apartment
65%
autumn
65%
Barefoot
65%
became
65%
games
65%
gone
65%
Jacket
65%
kitchen
65%
know
65%
lights
65%
packed
65%
playing
65%
rains
65%
religion
65%
Sacred
65%
showed
65%
thought
65%
tunnel
65%
bags
59%
blanks
59%
bless
59%
called
59%
card
59%
Filling
59%
hit
59%
hold
59%
left
59%
listen
59%
Memorize
59%
pointed
59%
roof
59%
Sat
59%
sharks
59%
turned
59%
creaks
53%
floor
53%
swung
35%
yeah
35%
biginnings
0%

Score Distribution

Percentile by Number Answered

Percent of People with Each Score

Your Score History

You have not taken this quiz